[Event "World Blitz Championship"]
[Site "New York, NY USA"]
[Date "2024.12.30"]
[Round "3.38"]
[White "Frederik Svane"]
[Black "Nodirbek Abdusattorov"]
[Result "1/2-1/2"]
[EventDate "2024.12.30"]
[WhiteElo "2502"]
[BlackElo "2707"]
[PlyCount "140"]

1. e4 e5 2. Nf3 Nc6 3. Bb5 Nf6 4. d3 Bc5 5. Bxc6 dxc6 6. O-O Nd7 7. Nc3 O-O 8. a4 a5 9. Qe1 Re8 10. Be3 Bd6 11. Nd2 b6 12. Ne2 f6 13. Kh1 c5 14. b3 Nf8 15. f4 exf4 16. Bxf4 Ng6 17. Bxd6 cxd6 18. Qf2 Be6 19. Rae1 Qd7 20. Nc3 Ne5 21. Nc4 Rab8 22. Ne3 Rf8 23. h3 Rf7 24. Qg3 Rbf8 25. Ncd5 Qb7 26. Nf4 Qd7 27. Ned5 Bxd5 28. Nxd5 Qd8 29. Ne3 g6 30. Rf2 Qd7 31. Ref1 Qe6 32. Nd5 Nd7 33. Ne3 Qe5 34. Qxe5 fxe5 35. Rxf7 Rxf7 36. Rxf7 Kxf7 37. Nd5 Ke6 38. Kh2 h6 39. Kg3 Kf7 40. Kf3 Ke8 41. Kg4 Kf7 42. Kf3 Ke8 43. h4 h5 44. g4 Kf7 45. Ne3 hxg4+ 46. Kxg4 Nf6+ 47. Kg5 Kg7 48. Nc4 d5 49. exd5 Nxd5 50. Nxe5 Ne7 51. Nc4 Nd5 52. Ne5 Ne7 53. Nd7 Nd5 54. Kg4 Ne3+ 55. Kf4 Nxc2 56. Nxb6 Nd4 57. Ke5 Nxb3 58. Nd7 Kh6 59. Kd5 Kh5 60. Nxc5 Nd2 61. d4 Kxh4 62. Ke6 g5 63. d5 Nc4 64. d6 Nb6 65. d7 Nxd7 66. Kxd7 Kg4 67. Ne4 Kf4 68. Nxg5 Kxg5 69. Kc6 Kf6 70. Kb6 1/2-1/2

[Event "World Blitz Championship"]
[Site "New York, NY USA"]
[Date "2024.12.30"]
[Round "4.39"]
[White "Nodirbek Abdusattorov"]
[Black "Vugar Manafov"]
[Result "1/2-1/2"]
[EventDate "2024.12.30"]
[WhiteElo "2777"]
[BlackElo "2431"]
[PlyCount "208"]

1. e4 c5 2. Nf3 e6 3. d4 cxd4 4. Nxd4 a6 5. Bd3 Bc5 6. Nb3 Ba7 7. Nc3 Ne7 8. O-O O-O 9. Qe2 Nbc6 10. Be3 Bxe3 11. Qxe3 d5 12. exd5 Nxd5 13. Nxd5 Qxd5 14. Rad1 Qe5 15. Qh3 h6 16. c3 Bd7 17. Rfe1 Qg5 18. Bh7+ Kxh7 19. Rxd7 Rab8 20. Qg3 Qf5 21. h3 Kg8 22. Red1 b5 23. Rc7 Rbc8 24. Rcd7 Ne5 25. R7d4 Nc4 26. Rg4 Qe5 27. Qxe5 Nxe5 28. Re4 Nc4 29. Re2 Rfd8 30. Rxd8+ Rxd8 31. Nc5 Rd1+ 32. Kh2 a5 33. b3 Nb6 34. Rc2 Kf8 35. Nb7 a4 36. bxa4 Nxa4 37. c4 bxc4 38. Rxc4 Nb6 39. Rc2 Rd4 40. Na5 Ra4 41. Nc6 f6 42. Rb2 Nd5 43. g3 h5 44. h4 Kf7 45. Kg2 g5 46. hxg5 fxg5 47. Ne5+ Kf6 48. Nd7+ Ke7 49. Nc5 Ra5 50. Ne4 g4 51. Rb7+ Kf8 52. Rh7 Rxa2 53. Rxh5 Kf7 54. Rh6 Ne3+ 55. Kg1 Nf5 56. Ng5+ Kg7 57. Rxe6 Ra3 58. Kg2 Ra4 59. Rb6 Rc4 60. Ne6+ Kf7 61. Nf4 Rc2 62. Nd5 Kg7 63. Rb4 Rd2 64. Rxg4+ Kh6 65. Nf6 Ne3+ 66. Kf3 Nxg4 67. Nxg4+ Kg7 68. Ne3 Rd3 69. g4 Kg6 70. Kf4 Rd4+ 71. Kg3 Kg5 72. f3 Ra4 73. Nd5 Ra3 74. Nc7 Re3 75. Nb5 Rd3 76. Nc7 Re3 77. Nd5 Ra3 78. Nf4 Rb3 79. Nh3+ Kf6 80. Nf2 Ke5 81. Ne4 Ra3 82. Ng5 Rb3 83. Ne4 Ra3 84. Nd2 Rc3 85. Nf1 Ra3 86. Nd2 Rc3 87. Ne4 Ra3 88. Nf2 Rb3 89. Kg2 Rb2 90. Kg3 Rb3 91. Nh3 Ra3 92. Nf4 Rb3 93. Ng6+ Kf6 94. Nh4 Ke5 95. g5 Rb4 96. g6 Kf6 97. f4 Rb1 98. Kg4 Rg1+ 99. Kh5 Rh1 100. f5 Rh2 101. Kg4 Rf2 102. Nf3 Rg2+ 103. Kf4 Rxg6 104. fxg6 Kxg6 1/2-1/2

[Event "World Blitz Championship"]
[Site "New York, NY USA"]
[Date "2024.12.30"]
[Round "5.39"]
[White "Jonas Buhl Bjerre"]
[Black "Nodirbek Abdusattorov"]
[Result "0-1"]
[EventDate "2024.12.30"]
[WhiteElo "2508"]
[BlackElo "2707"]
[PlyCount "108"]

1. e4 e5 2. Nf3 Nc6 3. Bb5 a6 4. Ba4 Nf6 5. O-O d6 6. Re1 Bd7 7. c4 g6 8. Nc3 Bg7 9. Bxc6 bxc6 10. d3 O-O 11. h3 c5 12. Be3 h6 13. Rb1 a5 14. a3 a4 15. b4 axb3 16. Qxb3 Nh5 17. Nd5 f5 18. Qb7 Rc8 19. a4 Kh7 20. a5 fxe4 21. dxe4 Rxf3 22. gxf3 Qh4 23. Kf1 Qxh3+ 24. Ke2 Rf8 25. Qxc7 Qxf3+ 26. Kd2 Rf7 27. a6 Qxe4 28. Qa5 Qxc4 29. Nb6 Qe4 30. Nxd7 Rxd7 31. Qb5 Ra7 32. Qb7 Rxb7 33. axb7 Nf4 34. b8=Q Qd3+ 35. Kc1 Ng2 36. Rg1 Nxe3 37. fxe3 Qxe3+ 38. Kc2 e4 39. Qxd6 Qc3+ 40. Kd1 Qf3+ 41. Kc2 Qe2+ 42. Qd2 Qc4+ 43. Kd1 Qa4+ 44. Qc2 Qd4+ 45. Ke2 Qe5 46. Rg2 Qh5+ 47. Kf1 Qh1+ 48. Rg1 Qh3+ 49. Ke2 Qh2+ 50. Kd1 Qxg1+ 51. Kd2 Qf2+ 52. Kd1 Qf3+ 53. Qe2 g5 54. Rb7 Kg6 0-1

[Event "World Blitz Championship"]
[Site "New York, NY USA"]
[Date "2024.12.30"]
[Round "6.25"]
[White "Nodirbek Abdusattorov"]
[Black "Vasif Durarbayli"]
[Result "1/2-1/2"]
[EventDate "2024.12.30"]
[WhiteElo "2777"]
[BlackElo "2622"]
[PlyCount "116"]

1. e4 e5 2. Nf3 Nc6 3. g3 Nf6 4. d3 Bc5 5. Bg2 d6 6. O-O O-O 7. h3 a5 8. c4 Nd4 9. Nxd4 Bxd4 10. Nc3 c6 11. Kh2 Rb8 12. Ne2 Ba7 13. f4 b5 14. b3 bxc4 15. dxc4 a4 16. Ba3 Bc5 17. Bb2 Nd7 18. Bc3 axb3 19. axb3 exf4 20. gxf4 Qh4 21. Be1 Qh6 22. Bf2 Re8 23. Ng3 Bxf2 24. Rxf2 Nf6 25. f5 d5 26. cxd5 cxd5 27. exd5 Rb4 28. Ra4 Ng4+ 29. Qxg4 Rxg4 30. Rxg4 Qd6 31. Re4 Rxe4 32. Bxe4 Qb6 33. Rd2 Qxb3 34. d6 Bd7 35. Kg2 Qb4 36. Rd3 h5 37. h4 Qb2+ 38. Kg1 Qe5 39. Kg2 Qf4 40. Bf3 g6 41. fxg6 fxg6 42. Bd5+ Kg7 43. Bf3 Qxh4 44. Re3 Bh3+ 45. Kf2 Qd4 46. Ne4 Bf5 47. Ng3 Bb1 48. Be4 Qd2+ 49. Re2 Qd4+ 50. Kg2 Bxe4+ 51. Nxe4 Kh6 52. Kf3 Qd3+ 53. Re3 Qd1+ 54. Kf4 Qd4 55. Re2 g5+ 56. Kf5 Qd3 57. Rd2 Qf3+ 58. Ke5 Qf4+ 1/2-1/2

[Event "World Blitz Championship"]
[Site "New York, NY USA"]
[Date "2024.12.30"]
[Round "7.29"]
[White "Giorgi Margvelashvili"]
[Black "Nodirbek Abdusattorov"]
[Result "0-1"]
[EventDate "2024.12.30"]
[WhiteElo "2554"]
[BlackElo "2707"]
[PlyCount "80"]

1. Nf3 d5 2. e3 Nf6 3. c4 c6 4. Nc3 a6 5. b3 Bg4 6. h3 Bh5 7. g4 Bg6 8. Ne5 e6 9. Nxg6 hxg6 10. Bg2 Nbd7 11. Qc2 Bd6 12. d4 Bb4 13. Bd2 a5 14. a3 Bd6 15. c5 Bc7 16. f4 Ng8 17. O-O-O Ne7 18. Na4 b6 19. cxb6 Nxb6 20. Nxb6 Bxb6 21. Kb2 Rc8 22. Rc1 Qd6 23. Ka2 c5 24. dxc5 Bxc5 25. Qb2 O-O 26. Rc2 Bxa3 27. Qb1 Bb4 28. Rhc1 Bxd2 29. Rxd2 Nc6 30. Bf1 Rb8 31. Rb2 Rfc8 32. Ka1 Nb4 33. Rd2 Qb6 34. Rd4 Rc5 35. Rxc5 Qxc5 36. Kb2 Rc8 37. Bd3 Qc3+ 38. Ka3 Rb8 39. Bxg6 fxg6 40. Qxg6 Qa1# 0-1

[Event "World Blitz Championship"]
[Site "New York, NY USA"]
[Date "2024.12.30"]
[Round "8.17"]
[White "Nodirbek Abdusattorov"]
[Black "Denis Kadric"]
[Result "1-0"]
[EventDate "2024.12.30"]
[WhiteElo "2707"]
[BlackElo "2583"]
[PlyCount "90"]

1. e4 d6 2. d4 Nf6 3. Bd3 e5 4. dxe5 dxe5 5. Nf3 Nc6 6. O-O Bc5 7. c3 a5 8. Qe2 O-O 9. Nbd2 a4 10. Nc4 Qe7 11. Bg5 h6 12. Bh4 Bg4 13. Ne3 Bxe3 14. Qxe3 Bxf3 15. Qxf3 g5 16. Bg3 Kg7 17. Rad1 Nd7 18. Be2 Nb6 19. Qe3 Qe6 20. a3 Rfd8 21. h4 f6 22. h5 Qb3 23. Qc5 Ra5 24. Qe3 Qxb2 25. Rxd8 Nxd8 26. Qf3 Qb3 27. Rd1 Nc6 28. Qf5 Ne7 29. Qg4 Nc6 30. f4 exf4 31. Bxf4 Qxa3 32. Bxc7 Qc5+ 33. Kh1 Ne5 34. Bxe5 Qxe5 35. Rb1 Qc7 36. Qe6 Nc8 37. Qe8 Re5 38. Qg6+ Kf8 39. Rf1 Re6 40. Bg4 Rc6 41. e5 Qg7 42. Qd3 Qe7 43. exf6 Qd6 44. Qg6 Qc7 45. Bxc8 1-0

[Event "World Blitz Championship"]
[Site "New York, NY USA"]
[Date "2024.12.30"]
[Round "9.10"]
[White "Boris Gelfand"]
[Black "Nodirbek Abdusattorov"]
[Result "1-0"]
[EventDate "2024.12.30"]
[WhiteElo "2583"]
[BlackElo "2707"]
[PlyCount "114"]

1. d4 e6 2. c4 b6 3. e4 Bb7 4. Nc3 Bb4 5. Bd3 f5 6. Ne2 fxe4 7. Bc2 Nf6 8. O-O O-O 9. Bg5 Bxc3 10. Nxc3 d5 11. cxd5 exd5 12. f3 exf3 13. Qxf3 Nbd7 14. Qh3 Qe8 15. Bf5 Bc6 16. Rae1 Qh5 17. Qxh5 Nxh5 18. Be7 Rxf5 19. Rxf5 g6 20. Rf2 Ng7 21. g4 Re8 22. Rfe2 h5 23. h3 hxg4 24. hxg4 Kf7 25. Kg2 Bb7 26. Nb5 Rc8 27. Bg5 Nf8 28. Re7+ Kg8 29. Rxc7 Rxc7 30. Nxc7 Bc8 31. Kg3 Nfe6 32. Nxe6 Nxe6 33. Bf6 Kf7 34. Be5 Ba6 35. Rh1 Ng5 36. Rh8 Bd3 37. Ra8 a6 38. Rb8 b5 39. Rb7+ Ke8 40. b4 Ne4+ 41. Kf3 Nc3 42. a3 Nb1 43. Ra7 Nxa3 44. Rxa6 Nc2 45. Bd6 Be4+ 46. Kf4 Nxd4 47. Bc5 Nf3 48. Rb6 g5+ 49. Kg3 Kd7 50. Rxb5 d4 51. Rb6 d3 52. Rd6+ Kc8 53. Kf2 d2 54. Be3 Ne5 55. Rxd2 Nxg4+ 56. Ke2 Kb7 57. Bxg5 Kc6 1-0

[Event "World Blitz Championship"]
[Site "New York, NY USA"]
[Date "2024.12.30"]
[Round "10.18"]
[White "Nodirbek Abdusattorov"]
[Black "V Pranav"]
[Result "1-0"]
[EventDate "2024.12.30"]
[WhiteElo "2707"]
[BlackElo "2572"]
[PlyCount "64"]

1. e4 e5 2. Nf3 Nc6 3. Bc4 Nf6 4. d3 Be7 5. O-O O-O 6. Bb3 a5 7. c3 d5 8. exd5 Nxd5 9. Re1 Bg4 10. Qe2 a4 11. Bd1 Re8 12. Qf1 Bf8 13. Re4 Bf5 14. Rxa4 Rxa4 15. Bxa4 Nf4 16. Bxf4 Bxd3 17. Bg5 f6 18. Qc1 e4 19. Nd4 fxg5 20. Nd2 Nxd4 21. cxd4 c6 22. Qc3 Be7 23. Qb3+ Kh8 24. Qxb7 Qxd4 25. Bxc6 e3 26. Bxe8 exf2+ 27. Kh1 Qe5 28. Nf1 Bd6 29. Qa8 Bb8 30. Qf3 Bc4 31. Qf8+ Bg8 32. Bf7 1-0

[Event "World Blitz Championship"]
[Site "New York, NY USA"]
[Date "2024.12.30"]
[Round "11.13"]
[White "Benjamin Bok"]
[Black "Nodirbek Abdusattorov"]
[Result "1-0"]
[EventDate "2024.12.30"]
[WhiteElo "2627"]
[BlackElo "2707"]
[PlyCount "118"]

1. d4 d5 2. c4 c6 3. cxd5 cxd5 4. Nf3 Nf6 5. Nc3 a6 6. Bf4 Nc6 7. Rc1 Bf5 8. e3 e6 9. Qb3 Bb4 10. Ne5 O-O 11. Nxc6 Bxc3+ 12. Qxc3 bxc6 13. Qa3 Ne4 14. f3 Nf6 15. Be2 Qb6 16. O-O Rfc8 17. Rc3 h6 18. Rfc1 a5 19. Qb3 Qxb3 20. axb3 Ra7 21. g4 Bg6 22. Rxc6 Rxc6 23. Rxc6 Rb7 24. Rc8+ Kh7 25. Rb8 Ra7 26. Bd6 Bc2 27. Kf2 Nd7 28. Rb5 g5 29. Ke1 Kg7 30. Kd2 Bb1 31. b4 axb4 32. Bxb4 Bg6 33. Ra5 Rb7 34. Ba3 Rc7 35. Bc5 Rb7 36. Rb5 Rc7 37. b4 h5 38. h3 h4 39. Ra5 f5 40. Ra7 Rxa7 41. Bxa7 fxg4 42. fxg4 Be4 43. Bf1 Kf7 44. b5 Ke7 45. Bc5+ Kd8 46. Kc3 e5 47. b6 Bf3 48. Kb4 exd4 49. exd4 Nb8 50. Bd6 Nc6+ 51. Kc5 Na5 52. Kb5 Nc4 53. Be5 Kc8 54. Kc6 Nxe5+ 55. dxe5 d4+ 56. Kc5 d3 57. Bxd3 Bg2 58. e6 Bxh3 59. e7 1-0

[Event "World Blitz 2024"]
[Site "New York, NY USA"]
[Date "2024.12.30"]
[Round "12.22"]
[White "Nodirbek Abdusattorov"]
[Black "Robby Kevlishvili"]
[Result "1-0"]
[EventDate "2024.12.30"]
[WhiteElo "2707"]
[BlackElo "2590"]
[PlyCount "108"]

1. e4 e5 2. Nf3 Nc6 3. g3 Nf6 4. d3 Bc5 5. Bg2 d6 6. O-O h6 7. Nc3 a6 8. h3 Be6 9. Kh2 g5 10. Be3 Qe7 11. d4 exd4 12. Nxd4 Nxd4 13. Bxd4 O-O-O 14. Qd2 h5 15. Rad1 g4 16. h4 Bxd4 17. Qxd4 Kb8 18. Qb4 c5 19. Qa3 Qc7 20. b4 cxb4 21. Qxb4 Qc5 22. Qb2 Qe5 23. Rb1 Rd7 24. Qa3 Rc8 25. Nd5 Bxd5 26. exd5 Ka8 27. Rb6 Rxc2 28. Rfb1 Ne4 29. Qa4 Rdc7 30. Qxe4 Qxe4 31. Bxe4 Rxf2+ 32. Bg2 Rcc2 33. Rg1 Rf6 34. a4 Ra2 35. Rb4 Rff2 36. Kh1 Ra3 37. Rgb1 b5 38. axb5 Rxg3 39. Rg1 a5 40. Ra4 Kb7 41. Rxa5 Rf6 42. Ra6 Rb3 43. Re1 Rxb5 44. Rc6 Ka7 45. Re7+ Rb7 46. Rxb7+ Kxb7 47. Kh2 Rg6 48. Kg3 Rf6 49. Be4 Kb8 50. Rc2 Rf1 51. Rf2 Re1 52. Rf4 Kc8 53. Kf2 Rd1 54. Rxf7 1-0

[Event "World Blitz Championship"]
[Site "New York, NY USA"]
[Date "2024.12.30"]
[Round "13.15"]
[White "Eltaj Safarli"]
[Black "Nodirbek Abdusattorov"]
[Result "1/2-1/2"]
[EventDate "2024.12.30"]
[WhiteElo "2610"]
[BlackElo "2777"]
[PlyCount "64"]

1. e4 e5 2. Nf3 Nc6 3. Bb5 a6 4. Ba4 Nf6 5. Nc3 d6 6. Bxc6+ bxc6 7. d4 exd4 8. Qxd4 Be7 9. e5 c5 10. Qd3 dxe5 11. Qxd8+ Bxd8 12. Nxe5 Bf5 13. Be3 O-O 14. O-O-O Re8 15. Nc6 Ne4 16. Nxe4 Bxe4 17. Nxd8 Bxg2 18. Rhg1 Bf3 19. Bh6 Raxd8 20. Rxd8 Rxd8 21. Bxg7 Rd6 22. Be5+ Rg6 23. Rxg6+ fxg6 24. Bxc7 Kf7 25. c4 Ke6 26. Kd2 Kd7 27. Bf4 Kc6 28. Kc3 Bg4 29. a3 Be6 30. b4 cxb4+ 31. axb4 Bf7 32. Kd4 Be6 1/2-1/2

[Event "Qatar Masters Open 2024"]
[Site "Doha QAT"]
[Date "2024.12.09"]
[Round "6.5"]
[White "Arkadij Naiditsch"]
[Black "Nodirbek Abdusattorov"]
[Result "1/2-1/2"]
[EventDate "2024.12.03"]
[WhiteElo "2636"]
[BlackElo "2777"]
[PlyCount "38"]

1. e4 c5 2. Nf3 Nc6 3. Bb5 g6 4. Bxc6 dxc6 5. d3 Bg7 6. O-O Nf6 7. Nc3 Nd7 8. Be3 e5 9. Qd2 h6 10. a3 Qe7 11. b4 cxb4 12. axb4 Qxb4 13. Bxa7 b6 14. Rab1 Qa5 15. Ra1 Qb4 16. Rab1 Qa5 17. Ra1 Qb4 18. Rab1 Qa5 19. Ra1 1/2-1/2

[Event "Qatar Masters Open 2024"]
[Site "Doha QAT"]
[Date "2024.12.07"]
[Round "5.13"]
[White "Nodirbek Abdusattorov"]
[Black "Sharma Ayush"]
[Result "1-0"]
[EventDate "2024.12.03"]
[WhiteElo "2777"]
[BlackElo "2466"]
[PlyCount "78"]

1. e4 c5 2. Nf3 d6 3. d4 cxd4 4. Nxd4 Nf6 5. Nc3 a6 6. Qd3 Nbd7 7. Be2 b5 8. O-O Bb7 9. b4 g6 10. a4 bxa4 11. Rxa4 Bg7 12. Nb3 O-O 13. Bf4 Rc8 14. Na5 Ba8 15. Ra3 Qb6 16. Rb3 Rc7 17. Nd5 Nxd5 18. exd5 Ne5 19. Qd2 Rfc8 20. c3 Nc4 21. Nxc4 Rxc4 22. Bxc4 Rxc4 23. Re1 Qc7 24. Bg5 Be5 25. h3 f6 26. Bh6 g5 27. b5 axb5 28. Rxb5 Rc5 29. Rxc5 Qxc5 30. Rd1 Bb7 31. h4 gxh4 32. Qd3 Qxc3 33. Qb5 Qc8 34. Rc1 Qa8 35. Qd7 Kf7 36. Qg4 Bxd5 37. Rc8 Qa1+ 38. Bc1 e6 39. Qg8+ 1-0

[Event "Qatar Masters Open 2024"]
[Site "Doha QAT"]
[Date "2024.12.05"]
[Round "3.50"]
[White "Nodirbek Abdusattorov"]
[Black "Alicja Sliwicka"]
[Result "1-0"]
[EventDate "2024.12.03"]
[WhiteElo "2777"]
[BlackElo "2346"]
[PlyCount "92"]

1. e4 e5 2. Nf3 Nc6 3. Bb5 a6 4. Ba4 Nf6 5. d3 Bc5 6. c3 d6 7. Bg5 h6 8. Bh4 Ba7 9. Nbd2 Bd7 10. b4 g5 11. Bg3 Qe7 12. Rb1 b5 13. Bb3 Nd8 14. O-O Bg4 15. d4 Nd7 16. Re1 O-O 17. Nf1 Qf6 18. Re3 Ne6 19. h3 Bh5 20. Bxe6 fxe6 21. N1h2 Qg7 22. a4 exd4 23. cxd4 Nb6 24. e5 d5 25. Rc3 Nc4 26. Ra1 Bb6 27. Ng4 Bxg4 28. hxg4 Qg6 29. a5 Ba7 30. Ne1 Qe4 31. Nc2 Nb2 32. Qe1 Qxg4 33. Rc6 Nc4 34. Rd1 Qf5 35. Ne3 Qf7 36. Ng4 Kg7 37. Nf6 Nb2 38. Rd2 Nc4 39. Rd3 Qg6 40. Rf3 h5 41. Rxc7+ Kh8 42. Qc1 Rac8 43. Qxg5 Qb1+ 44. Kh2 Rxc7 45. Qh6+ Rh7 46. Qxf8# 1-0

[Event "Qatar Masters Open 2024"]
[Site "Doha QAT"]
[Date "2024.12.04"]
[Round "2.49"]
[White "Al Hosani, Omran"]
[Black "Nodirbek Abdusattorov"]
[Result "1/2-1/2"]
[EventDate "2024.12.03"]
[WhiteElo "2239"]
[BlackElo "2777"]
[PlyCount "76"]

1. e4 c6 2. d4 d5 3. Nc3 dxe4 4. Nxe4 Bf5 5. Ng3 Bg6 6. h4 h6 7. Nf3 Nd7 8. Bd3 Bxd3 9. Qxd3 e6 10. Bd2 Ngf6 11. O-O-O Qc7 12. Rhe1 O-O-O 13. Ne4 Nxe4 14. Qxe4 Nf6 15. Qe2 h5 16. Kb1 Ng4 17. c4 Bd6 18. Bc3 Rhe8 19. Nd2 Be7 20. g3 Rd7 21. d5 exd5 22. cxd5 Rxd5 23. Bxg7 f6 24. Nc4 Rxd1+ 25. Rxd1 Rd8 26. Rxd8+ Qxd8 27. f3 Nf2 28. Ne3 Bc5 29. Qxf2 Qd3+ 30. Qc2 Qxe3 31. Qf5+ Kc7 32. Bxf6 Qe1+ 33. Kc2 Qe2+ 34. Kc3 Qe1+ 35. Kc2 Qe2+ 36. Kc3 Qe1+ 37. Kc2 Qe2+ 38. Kc3 Qe1+ 1/2-1/2

[Event "Qatar Masters Open 2024"]
[Site "Doha QAT"]
[Date "2024.12.03"]
[Round "1.2"]
[White "Nodirbek Abdusattorov"]
[Black "Reza Mahdavi"]
[Result "0-1"]
[EventDate "2024.12.03"]
[WhiteElo "2777"]
[BlackElo "2394"]
[PlyCount "70"]

1. d4 Nf6 2. c4 g6 3. f3 Bg7 4. e4 d6 5. Nc3 O-O 6. Nge2 c5 7. d5 e6 8. Ng3 exd5 9. cxd5 a6 10. a4 Nbd7 11. Be2 Rb8 12. O-O Ne8 13. Bf4 f5 14. Qd2 Ne5 15. Kh1 Bd7 16. exf5 gxf5 17. Nh5 Bh8 18. Bh6 Rf7 19. g4 Ng7 20. Rg1 b5 21. axb5 axb5 22. Ra7 b4 23. gxf5 bxc3 24. Qxc3 Qh4 25. Bxg7 Bxg7 26. Nxg7 Kh8 27. Bb5 Bxb5 28. Rxf7 Nxf7 29. Rg4 Qe7 30. Ne6+ Ne5 31. Rg7 Qf6 32. f4 Bc4 33. Qd2 Qxf5 34. fxe5 Qf3+ 35. Rg2 Bxd5 0-1

[Event "39th ECC Open 2024"]
[Site "Vrnjacka Banja SRB"]
[Date "2024.10.24"]
[Round "5.4"]
[White "Tomas Laurusas"]
[Black "Nodirbek Abdusattorov"]
[Result "0-1"]
[EventDate "2024.10.20"]
[WhiteElo "2573"]
[BlackElo "2783"]
[PlyCount "152"]
[WhiteTeam "SK JAVES Modra"]
[BlackTeam "SuperChess"]

1. d4 Nf6 2. c4 e6 3. Nf3 Bb4+ 4. Bd2 Be7 5. Nc3 O-O 6. Bg5 h6 7. Bh4 b6 8. e3 Bb7 9. Be2 c5 10. O-O d6 11. h3 Ne4 12. Bxe7 Qxe7 13. Nxe4 Bxe4 14. Rc1 Rd8 15. Qd2 Nc6 16. Rfd1 Qb7 17. b3 a5 18. Qb2 cxd4 19. exd4 Ne7 20. Ne1 Ng6 21. Bf3 d5 22. Qe2 Rac8 23. Qe3 Nh4 24. Bxe4 dxe4 25. f3 exf3 26. Nxf3 Nf5 27. Qe5 Rd6 28. Rc3 Rcd8 29. Rcd3 Ne7 30. R3d2 Qd7 31. a4 f6 32. Qe4 Qe8 33. Kf2 R8d7 34. Kg1 Qd8 35. Kf2 g5 36. Kg1 Kg7 37. Kh2 Qe8 38. Kg1 Qf7 39. Kh2 h5 40. Kg1 Qg6 41. Qxg6+ Kxg6 42. Kf2 Rd8 43. Ng1 e5 44. d5 h4 45. Re1 R6d7 46. Ne2 Nf5 47. Nc3 Nd6 48. Ne4 Nb7 49. Rb2 f5 50. Nc3 Nc5 51. Ke3 Na6 52. Kd2 e4 53. Nb5 Nc5 54. Rf1 f4 55. Nd4 Rc8 56. Rbb1 Kf6 57. Rbe1 Nxb3+ 58. Nxb3 Rxc4 59. Rc1 Rxd5+ 60. Ke2 Rb4 61. Rb1 Rxa4 62. Rfc1 Ra2+ 63. Kf1 e3 64. Rc6+ Ke5 65. Rg6 Kf5 66. Rxb6 a4 67. Rb5 Rxb5 68. Nd4+ Ke4 69. Nxb5 Kd3 70. Rd1+ Rd2 71. Rc1 Rf2+ 72. Kg1 Rb2 73. Rd1+ Kc2 74. Rd5 Rb1+ 75. Kh2 Rxb5 76. Rxb5 e2 0-1

[Event "39th ECC Open 2024"]
[Site "Vrnjacka Banja SRB"]
[Date "2024.10.23"]
[Round "4.1"]
[White "Nodirbek Abdusattorov"]
[Black "Parham Maghsoodloo"]
[Result "1-0"]
[EventDate "2024.10.20"]
[WhiteElo "2783"]
[BlackElo "2719"]
[PlyCount "106"]
[WhiteTeam "SuperChess"]
[BlackTeam "Turkish Airlines"]

1. d4 Nf6 2. c4 e6 3. Nc3 Bb4 4. e3 O-O 5. Bd2 b6 6. Bd3 Bb7 7. Nh3 c5 8. d5 exd5 9. cxd5 d6 10. Nf4 Nbd7 11. O-O Ne5 12. Be2 a6 13. a3 Ba5 14. Rb1 b5 15. b4 cxb4 16. axb4 Bb6 17. Bc1 Rc8 18. Bb2 Re8 19. Kh1 Qd7 20. Ba1 Qf5 21. Rb3 h6 22. Nh5 Nxh5 23. Bxh5 Qd3 24. Qe1 Qc2 25. Bd1 Qg6 26. Be2 Rc4 27. Bxc4 bxc4 28. Rb1 Nd3 29. Qd1 Re5 30. Qa4 Bxd5 31. f3 Bxe3 32. Rbd1 Bb7 33. Qd7 Nf4 34. g3 Qxg3 35. Qd8+ Kh7 36. hxg3 Rh5+ 37. Qh4 Rxh4+ 38. gxh4 d5 39. Rde1 d4 40. Nd1 Bd2 41. Bxd4 Bxe1 42. Rxe1 Bxf3+ 43. Kh2 g5 44. Ne3 Ne2 45. Be5 c3 46. Ra1 Be4 47. Rxa6 f5 48. Ra2 Bd3 49. h5 Kg8 50. Nd5 c2 51. Ra7 f4 52. Nf6+ Kh8 53. Rf7 1-0

[Event "39th ECC Open 2024"]
[Site "Vrnjacka Banja SRB"]
[Date "2024.10.21"]
[Round "2.1"]
[White "Nodirbek Abdusattorov"]
[Black "Guy Levin"]
[Result "1-0"]
[EventDate "2024.10.20"]
[WhiteElo "2783"]
[BlackElo "2435"]
[PlyCount "113"]
[WhiteTeam "SuperChess"]
[BlackTeam "Etude Ramat Gan Dov Porat Memorial"]

1. d4 d5 2. c4 dxc4 3. Nf3 Nf6 4. e3 b5 5. a4 c6 6. b3 e6 7. axb5 cxb5 8. bxc4 bxc4 9. Bxc4 Bd6 10. O-O O-O 11. Qe2 Bb7 12. Nbd2 Nc6 13. Bb2 a5 14. e4 Be7 15. Rfc1 a4 16. Rab1 Na5 17. Bd3 a3 18. Bc3 a2 19. Ra1 Nc6 20. Nf1 Bb4 21. Bb2 Be7 22. Ng3 Nb4 23. Bc4 Rc8 24. Ba3 Qa5 25. Bxb4 Qxb4 26. Bxa2 Rxc1+ 27. Rxc1 Qa3 28. Rc2 Qa8 29. d5 exd5 30. e5 Ne4 31. Nd4 Bc5 32. Nxe4 Bxd4 33. Ng5 Ba6 34. Qf3 Bc4 35. Qf5 g6 36. Qh3 h5 37. e6 Bf6 38. exf7+ Kh8 39. Qe6 Bxg5 40. Qxg6 Qd8 41. h4 Qf6 42. Qxg5 Qxg5 43. hxg5 Bxa2 44. Rxa2 Rxf7 45. Ra6 Kg7 46. Rh6 d4 47. Rxh5 Rd7 48. Rh1 d3 49. Kh2 Kg6 50. Kg3 Kxg5 51. Rd1 d2 52. Kf3 Kf5 53. Ke2 Rg7 54. g3 Kg4 55. Rxd2 Kh3 56. Rd4 Kg2 57. Rf4 1-0

[Event "TechM Global Chess Leaague Final"]
[Site "London ENG"]
[Date "2024.10.12"]
[Round "1.1"]
[White "Yi Wei"]
[Black "Nodirbek Abdusattorov"]
[Result "0-1"]
[EventDate "2024.10.03"]
[WhiteElo "2782"]
[BlackElo "2722"]
[PlyCount "194"]

1. b3 Nf6 2. Bb2 d5 3. Nf3 e6 4. c4 b6 5. g3 Bb7 6. Bg2 Nbd7 7. O-O Be7 8. e3 O-O 9. Qe2 c5 10. Nc3 Rc8 11. Rac1 Qc7 12. Rfd1 Qb8 13. d4 cxd4 14. exd4 Qa8 15. a4 Rfd8 16. a5 dxc4 17. bxc4 Bb4 18. axb6 Bxc3 19. Bxc3 axb6 20. Ra1 Qb8 21. Bd2 Be4 22. Bf1 Qb7 23. Ne1 h6 24. f3 Bc6 25. Bg2 Ra8 26. Nd3 Rxa1 27. Rxa1 Ra8 28. Rb1 Qa7 29. Nb4 Bb7 30. Bc3 Rc8 31. Ra1 Qb8 32. Rc1 Qa8 33. Ra1 Qb8 34. Rc1 Qd6 35. Bh3 Ra8 36. Kf2 Ra4 37. Rb1 Qb8 38. Qd1 Ra3 39. Rb3 Rxb3 40. Qxb3 Qa8 41. Bb2 Qc8 42. Bf1 Ne8 43. Be2 Nd6 44. Nc2 Nf5 45. Ne3 Nxe3 46. Qxe3 Ba6 47. Qb3 Qc6 48. Ba3 Nf6 49. Qb4 Qc8 50. Qb3 Qd8 51. Qe3 Qc8 52. Qb3 Qd8 53. Qe3 Qc8 54. Qd3 Qd8 55. h4 Qc7 56. Bb4 Nh5 57. f4 Nf6 58. Ba3 Bb7 59. Ke1 Qc6 60. Kd2 Qg2 61. Kc1 Ne4 62. g4 Qf2 63. f5 Ng3 64. Bd1 Be4 65. Qd2 Qf1 66. Kb2 Qxc4 67. Bb3 Qb5 68. fxe6 Bd5 69. exf7+ Bxf7 70. Qb4 Qe2+ 71. Bc2 Bg6 72. Qb3+ Kh7 73. h5 Be4 74. d5 Nf1 75. Qa4 Qxc2+ 76. Qxc2 Bxc2 77. Kxc2 Ne3+ 78. Kd3 Nxd5 79. Ke4 Nf6+ 80. Kf5 b5 81. Bc5 Nd7 82. Bd6 Nb6 83. g5 hxg5 84. Kxg5 Nd5 85. Kf5 Nf6 86. Ke5 Nxh5 87. Kd4 Kg6 88. Bf8 Nf4 89. Bd6 Kf5 90. Kc5 g5 91. Kxb5 Ke4 92. Kc6 g4 93. Bc5 g3 94. Kd6 Nd3 95. Bg1 Nf2 96. Ke6 Kf3 97. Kf5 Kg2 0-1

[Event "TechM Global Chess League"]
[Site "London ENG"]
[Date "2024.10.09"]
[Round "8.1"]
[White "Santosh Gujrathi Vidit"]
[Black "Nodirbek Abdusattorov"]
[Result "0-1"]
[EventDate "2024.10.03"]
[WhiteElo "2726"]
[BlackElo "2783"]
[PlyCount "82"]

1. d4 Nf6 2. c4 e6 3. Nf3 b6 4. g3 Ba6 5. b3 Bb4+ 6. Bd2 Be7 7. Bg2 d5 8. cxd5 exd5 9. O-O O-O 10. Nc3 Nbd7 11. Rc1 Ba3 12. Rc2 Re8 13. Bf4 c6 14. Re1 Bb4 15. a3 Bf8 16. b4 Bb7 17. Qb1 a5 18. Qb3 axb4 19. axb4 b5 20. Bg5 h6 21. Bxf6 Nxf6 22. Ne5 Bd6 23. Nd3 Bc8 24. e4 dxe4 25. Nxe4 Be6 26. Nxf6+ Qxf6 27. d5 cxd5 28. Bxd5 Ra1 29. Rxa1 Qxa1+ 30. Rc1 Qd4 31. Bxe6 Rxe6 32. Rc8+ Kh7 33. Qc2 Qe4 34. Rc3 h5 35. h4 Rg6 36. Nc5 Qxb4 37. Ne4 Be7 38. Rf3 Qa4 39. Qb1 Kg8 40. Nc3 Qa8 41. Nxb5 Qxf3 0-1

[Event "TechM Global Chess League"]
[Site "London ENG"]
[Date "2024.10.07"]
[Round "6.2"]
[White "R Praggnanandhaa"]
[Black "Nodirbek Abdusattorov"]
[Result "1/2-1/2"]
[EventDate "2024.10.03"]
[WhiteElo "2668"]
[BlackElo "2722"]
[PlyCount "72"]

1. d4 d5 2. c4 c6 3. Nf3 Nf6 4. Nc3 a6 5. c5 Nbd7 6. Bf4 Nh5 7. Bd2 g6 8. e4 dxe4 9. Nxe4 Ndf6 10. Nxf6+ Nxf6 11. Bc4 Bg7 12. Qb3 O-O 13. O-O Bf5 14. Rad1 Bg4 15. Bg5 Qc8 16. Ne5 Bxd1 17. Bxf7+ Kh8 18. Rxd1 Qf5 19. f4 Qe4 20. Nf3 Rxf7 21. Qxf7 Qe3+ 22. Kh1 Ne4 23. Bh4 Rf8 24. Qb3 Qxf4 25. Qxb7 Bxd4 26. Qxe7 Bxc5 27. Qe5+ Qxe5 28. Nxe5 g5 29. Bg3 Nxg3+ 30. hxg3 Rf6 31. Rd8+ Kg7 32. Rd7+ Kg8 33. Rd8+ Kg7 34. Rd7+ Kg8 35. Rd8+ Kg7 36. Rd7+ Kg8 1/2-1/2